गड आला पण सिंह गेला (Record no. 160600)

MARC details
000 -LEADER
fixed length control field 00588nam a2200181Ia 4500
008 - FIXED-LENGTH DATA ELEMENTS--GENERAL INFORMATION
fixed length control field 090124s9999 xx 000 0 und d
082 ## - DEWEY DECIMAL CLASSIFICATION NUMBER
Item number 114509
100 ## - MAIN ENTRY--PERSONAL NAME
Personal name आपटे हरि नारायण
245 ## - TITLE STATEMENT
Title गड आला पण सिंह गेला
250 ## - EDITION STATEMENT
Edition statement 1
260 ## - PUBLICATION, DISTRIBUTION, ETC. (IMPRINT)
Date of publication, distribution, etc 1972
300 ## - PHYSICAL DESCRIPTION
Extent 160
600 ## - SUBJECT ADDED ENTRY--PERSONAL NAME
Personal name आपटे हरि नारायण
630 ## - SUBJECT ADDED ENTRY--UNIFORM TITLE
Uniform title गड आला पण सिंह गेला
700 ## - ADDED ENTRY--PERSONAL NAME
Personal name आपटे हरि नारायण
730 ## - ADDED ENTRY--UNIFORM TITLE
Uniform title गड आला पण सिंह गेला
942 ## - ADDED ENTRY ELEMENTS (KOHA)
Koha item type Book
Holdings
Withdrawn status Lost status Damaged status Not for loan Home library Current library Date acquired Cost, normal purchase price Total Checkouts Full call number Barcode Date last seen Cost, replacement price Price effective from Koha item type
  Missing from bundle     Marathi Granth Sangrahalaya,Thane Marathi Granth Sangrahalaya,Thane   2.00   114509 THNMGS-114509 01/24/2009 2.00 01/24/2009 Book